Normal view
MARC view
Entry Personal Name
001 - CONTROL NUMBER
- control field: 88065
003 - CONTROL NUMBER IDENTIFIER
- control field: dpl
005 - DATE AND TIME OF LATEST TRANSACTION
- control field: 20260305103743.0
008 - FIXED-LENGTH DATA ELEMENTS
- fixed length control field: 260305|| aca||aabn | a|a d
040 ## - CATALOGING SOURCE
- Original cataloging agency: dpl
- Transcribing agency: dpl
100 ## - HEADING--PERSONAL NAME
- Personal name: Pulari, Sini Raj
670 ## - SOURCE DATA FOUND
- Source citation: Work cat.: (dpl)215159: Pulari, Sini Raj, Natural Language Processsing/, 2025
